5 najmniejszych województw w Polsce - Statystyki

Ogólne statystyki
  • Ten quiz został rozwiązany 856 razy
  • Średni wynik to 4 z 5
Statystyki odpowiedzi
Liczba ludności Województwa % Poprawnych
985 000 Województwo opolskie
96%
1 015 000 Województwo lubuskie
84%
1 240 000 Województwo świętokrzyskie
80%
1 180 000 Województwo podlaskie
74%
1 430 000 Województwo warmińsko-mazurskie
60%
Nie znaleziono quizów pasujących do podanych kryteriów
Rozkład punktacji
Procent ludzi z każdym wynikiem
Percentyl według liczby udzielonych odpowiedzi
Twoja historia wyników
Nie rozwiązałeś tego quizu